La extensión del crédito y los servicios financieros : (Registro nro. 12147)
[ vista simple ]
| 000 -LEADER | |
|---|---|
| fixed length control field | 01009nam a2200229Ia 4500 |
| 003 - CONTROL NUMBER IDENTIFIER | |
| control field | OSt |
| 005 - DATE AND TIME OF LATEST TRANSACTION | |
| control field | 20210812111039.0 |
| 008 - FIXED-LENGTH DATA ELEMENTS--GENERAL INFORMATION | |
| fixed length control field | 210310s2006 sp ad gr 000 0 spa d |
| 040 ## - CATALOGING SOURCE | |
| Transcribing agency | CO-JMCR |
| Original cataloging agency | CO-JMCR |
| 041 0# - LANGUAGE CODE | |
| Language code of text/sound track or separate title | spa |
| 082 04 - DEWEY DECIMAL CLASSIFICATION NUMBER | |
| Classification number | 332.17 / |
| Item number | S217e |
| Edition number | 23 |
| 110 2# - MAIN ENTRY--CORPORATE NAME | |
| Corporate name or jurisdiction name as entry element | Secretaria General Iberoamericana |
| 9 (RLIN) | 39322 |
| 245 13 - TITLE STATEMENT | |
| Title | La extensión del crédito y los servicios financieros : |
| Remainder of title | obstáculos, propuestas y buenas prácticas / |
| Statement of responsibility, etc. | Secretaria General Iberoamericana |
| 260 ## - PUBLICATION, DISTRIBUTION, ETC. | |
| Place of publication, distribution, etc. | Madrid : |
| Name of publisher, distributor, etc. | Secretaria General Iberoamericana, |
| Date of publication, distribution, etc. | 2006. |
| 300 ## - PHYSICAL DESCRIPTION | |
| Extent | 332 páginas : |
| Other physical details | ilustraciones y gráficas en blanco y negro ; |
| Dimensions | 28 cm. |
| 501 ## - WITH NOTE | |
| With note | Con : notas al final de cada capitulo. |
| 505 0# - FORMATTED CONTENTS NOTE | |
| Formatted contents note | Las experiencias, los obstáculos y las propuestas. -- Buenas practicas para algunas cuestiones que preocupan. -- Perspectivas desde diferentes observatorios. |
| 650 14 - SUBJECT ADDED ENTRY--TOPICAL TERM | |
| Topical term or geographic name entry element | Servicios financieros |
| 9 (RLIN) | 5830 |
| 650 24 - SUBJECT ADDED ENTRY--TOPICAL TERM | |
| Topical term or geographic name entry element | Propuestas |
| Form subdivision | Créditos |
| 9 (RLIN) | 39323 |
| 650 24 - SUBJECT ADDED ENTRY--TOPICAL TERM | |
| Topical term or geographic name entry element | Obstáculos |
| Form subdivision | Créditos |
| 9 (RLIN) | 39324 |
| 942 ## - ADDED ENTRY ELEMENTS (KOHA) | |
| Source of classification or shelving scheme | Dewey Decimal Classification |
| Koha item type | Books |
| Withdrawn status | Lost status | Source of classification or shelving scheme | Damaged status | Not for loan | Home library | Current library | Shelving location | Date acquired | Source of acquisition | Full call number | Barcode | Date last seen | Copy number | Price effective from | Koha item type |
|---|---|---|---|---|---|---|---|---|---|---|---|---|---|---|---|
| Dewey Decimal Classification | Biblioteca Pública José María del Castillo y Rada | Biblioteca Pública José María del Castillo y Rada | General Stacks | 04/15/2018 | Donació | 332.17 / S217e | 430002471 | 05/16/2024 | Ej.1 | 03/10/2021 | Books |